Mô phỏng transistor hiệu ứng trường dây nano ZnO : Luận văn thạc sĩ. Chuyên ngành: Vật lí lí thuyết và vật lý toán

Nghiên cứu mô phỏng trên transistor hiệu ứng trường dây nano ZnO loại n với kênh dây nano vuông theo hướng (1010) và chỉ tập trung nghiên cứu cấu trúc không có nghiên cứu về vật liệu và nhiệt độ.

Bewaard in:
Bibliografische gegevens
Hoofdauteur: Trần, Hồng Nghĩa
Formaat: Boek
Taal:Undetermined
Gepubliceerd in: Cần Thơ Đại học Cần Thơ 2013
Onderwerpen:
Tags: Voeg label toe
Geen labels, Wees de eerste die dit record labelt!
Thư viện lưu trữ: Trung tâm Học liệu Trường Đại học Cần Thơ
LEADER 01092nam a2200217Ia 4500
001 CTU_181895
008 210402s9999 xx 000 0 und d
082 |a 537.622 
082 |b Ngh301 
088 |a 604401 
100 |a Trần, Hồng Nghĩa 
245 0 |a Mô phỏng transistor hiệu ứng trường dây nano ZnO : 
245 0 |b Luận văn thạc sĩ. Chuyên ngành: Vật lí lí thuyết và vật lý toán 
245 0 |c Trần Hồng Nghĩa ; Nguyễn Thành Tiên (người hướng dẫn) 
260 |a Cần Thơ 
260 |b Đại học Cần Thơ 
260 |c 2013 
520 |a Nghiên cứu mô phỏng trên transistor hiệu ứng trường dây nano ZnO loại n với kênh dây nano vuông theo hướng (1010) và chỉ tập trung nghiên cứu cấu trúc không có nghiên cứu về vật liệu và nhiệt độ. 
650 |a Chất bán dẫn,Semiconductors 
904 |i Huỳnh Nga 
980 |a Trung tâm Học liệu Trường Đại học Cần Thơ